| 000 | 01736naa a22003617a 4500 | ||
|---|---|---|---|
| 001 | BR8401037 | ||
| 003 | BR-BrBNA | ||
| 005 | 20250721154432.0 | ||
| 007 | ta | ||
| 008 | 250630b bl.|||m| |||| 00| 0 por d | ||
| 040 |
_aBR-BrBNA _bpor _cBiblioteca Nacional de Agricultura |
||
| 041 | _a(Pt) | ||
| 072 |
_aL73 _b5300 _b4110 _bG514 |
||
| 090 | _aL73 BR8401037 | ||
| 100 | 1 | _aOliveira, S.J. de | |
| 100 | 1 | _aBarcellos, D.E.S.N. de | |
| 100 | 1 | _aBorowski, S.M. | |
| 111 | 1 |
_a3. Simposio do Centro Nacional de Pesquisa de Suinos e Aves; 2. Simposio Catarinense de Sanidade Suina _cConcordia, SC (Brazil) _d7-11 Nov 1983 |
|
| 245 | 1 | _aPresenca de portadores de Corynebacterium suis em suinos machos abatidos em frigorifico, no Rio Grande do Sul [bacteria, Brasil] | |
| 246 | 1 | _a[Carriers of Corynebacterium suis in male pigs slaughtered in freezer, in Rio Grande do Sul [bacterium, Brazil]] | |
| 246 | 1 | _a[Annals of the 3. Symposium of the National Center of Swine and Poultry Research and of the 2. Swine Health Symposium of Santa Catarina] | |
| 500 | _aAnais do 3. Simposio do Centro Nacional de Pesquisa de Suinos e Aves e do 2. Simposio Catarinense de Sanidade Suina Concordia, SC (Brasil): 1983. p. 323-326 (BR8401037-AMS) | ||
| 773 | 0 |
_tAnais do 3. Simposio do Centro Nacional de Pesquisa de Suinos e Aves e do 2. Simposio Catarinense de Sanidade Suina _wL73 BR8401037 _gConcordia, SC (Brasil), 1983. p. 323-326 |
|
| 650 | _aSUINO | ||
| 650 | _aABATE | ||
| 650 | _aFRIGORIFICO | ||
| 650 | _aINFECCAO | ||
| 650 | _aBACTERIA | ||
| 650 | _aRIO GRANDE DO SUL | ||
| 490 |
_aDocumentos - Centro Nacional de Pesquisa de Suinos e Aves (Brazil) _vno. 7 |
||
| 942 |
_cAMS _2AGRIS |
||
| 909 |
_a202506 _bLúcia _c55 _dLúcia Elande |
||
| 999 |
_c334746 _d334746 |
||